Lượn Bách Giảo

Đã lưu trong:
書目詳細資料
主要作者: Ma Ngọc Hướng
格式: 圖書
語言:Vietnamese
出版: H. Lao Động 2011
叢編:Hội văn nghệ dân gian Việt Nam
主題:
標簽: 添加標簽
沒有標簽, 成為第一個標記此記錄!
Thư viện lưu trữ: Mạng thư viện Đại học Đà Nẵng
LEADER 00937nam a2200289 4500
001 000015976
003 12364
005 20120607100654.0
008 120607s2011 viesd
041 0 |a vie 
082 |a 398.2089597  |b MA-H 
100 0 |a Ma Ngọc Hướng 
245 0 |a Lượn Bách Giảo  |c Ma Ngọc Hướng 
260 |a H.  |b Lao Động  |c 2011 
300 |a 177 tr.  |c 21 cm 
490 |a Hội văn nghệ dân gian Việt Nam 
653 |a Bách Giảo 
OWN |a LSP 
AVA |a UDN50  |b LSP  |d 398.2089597 MA-H  |e available  |t Error 5001 Not defined in file expand_doc_bib_avail.  |f 1  |g 0  |h N  |i 0  |k 1 
999 |a From the UDN01 
AVA |a UDN50  |b LSP  |d 398.2089597 MA-H  |e available  |t Error 5001 Not defined in file expand_doc_bib_avail.  |f 1  |g 0  |h N  |i 0  |k 1 
TYP |a Monograph 
TYP |a Printed language 
980 |a Mạng thư viện Đại học Đà Nẵng